| 000 | 00536nam a22001937a 4500 | ||
|---|---|---|---|
| 003 | OSt | ||
| 005 | 20260210053034.0 | ||
| 008 | 260210b |||||||| |||| 00| 0 eng d | ||
| 020 | _a0-7648-0530-4. | ||
| 040 |
_aDWC-Main lib _cOC |
||
| 082 | _aCirc. 234.16 H282 1999 | ||
| 100 | _aHaring, Bernard | ||
| 245 |
_aThe Church : _bSacrament of Christ _cBernard Haring |
||
| 260 |
_aLiguori Mo : _bLiguori, _cc1999. |
||
| 300 |
_a80 pages : _c18 cm. |
||
| 650 | _a1. Eucharist. | ||
| 650 | _a2. Sacraments. | ||
| 942 |
_2ddc _cBK-CIRC _kCirc. _n0 |
||
| 999 |
_c8334 _d8334 |
||